Rasy psów - Statystyki

Ogólne statystyki
  • Ten quiz został rozwiązany 88 razy
  • Średni wynik to 5 z 7
Statystyki odpowiedzi
Obrazkowy Odpowiedź % Poprawnych
Owczarek niemiecki
97%
Maltańczyk
92%
Mops
92%
Samojed
69%
Pekińczyk
63%
Owczarek kaukaski
36%
Szpic japoński
7%
Nie znaleziono quizów pasujących do podanych kryteriów
Rozkład punktacji
Procent ludzi z każdym wynikiem
Percentyl według liczby udzielonych odpowiedzi
Twoja historia wyników
Nie rozwiązałeś tego quizu